| Tag |
First Indicator |
Second Indicator |
Subfields |
| LEADER |
00000cam a2200000 i 4500 |
| 001 |
in00004792195 |
| 003 |
OCoLC |
| 005 |
20240621135407.2 |
| 008 |
240124t20242024enka b 000 0 eng d |
| 035 |
|
|
|a (OCoLC)1418753018
|
| 040 |
|
|
|a YDX
|e rda
|c YDX
|d COO
|d BWK
|
| 020 |
|
|
|a 9781009468145
|q hardcover
|
| 020 |
|
|
|a 1009468146
|q hardcover
|
| 020 |
|
|
|a 9781108925099
|q paperback
|
| 020 |
|
|
|a 110892509X
|q paperback
|
| 020 |
|
|
|z 9781108946858
|q electronic book
|
| 050 |
|
4 |
|a B3376.W564
|b S55 2024
|
| 082 |
0 |
|
|a 121.092
|2 23/eng/20240412
|
| 100 |
1 |
|
|a Shieh, Sanford,
|d 1962-
|e author.
|
| 245 |
1 |
0 |
|a Wittgenstein and Russell :
|b the vicissitudes of judgment and proposition /
|c Sanford Shieh.
|
| 264 |
|
1 |
|a Cambridge ;
|a New York :
|b Cambridge University Press,
|c [2024].
|
| 264 |
|
4 |
|c ©2024.
|
| 300 |
|
|
|a 97 pages :
|b illustrations ;
|c 24 cm.
|
| 336 |
|
|
|a text
|b txt
|2 rdacontent
|
| 337 |
|
|
|a unmediated
|b n
|2 rdamedia
|
| 338 |
|
|
|a volume
|b nc
|2 rdacarrier
|
| 490 |
1 |
|
|a Cambridge elements. Elements in the philosophy of Ludwig Wittgenstein
|
| 504 |
|
|
|a Includes bibliographical references (pages [91]-97).
|
| 520 |
|
|
|a Responding to Russell is a constant throughout Wittgenstein's philosophizing. This Element focuses on Wittgenstein's criticisms of Russell's theories of judgment in the summer of 1913. Wittgenstein's response to these criticisms is of first-rate importance for his early philosophical development, setting the path to the conceptions of proposition and of logic in Tractatus Logico-Philosophicus. This Element also touches on further aspects of Wittgenstein's responses to Russell, the rejection of Russell's and Frege's logicisms in the Tractatus, the critique of Russell's causal-behavioristic philosophy of mind in Wittgenstein's 'middle' period, the Russellian origins of notions of privacy dialectically treated in Philosophical Investigations and the discussion of 'surveyability' of mathematical proof in Remarks on the Foundations of Mathematics, which is, again, a response to Russellian logicism.
|
| 600 |
1 |
0 |
|a Wittgenstein, Ludwig,
|d 1889-1951.
|
| 600 |
1 |
0 |
|a Russell, Bertrand,
|d 1872-1970.
|
| 600 |
1 |
0 |
|a Wittgenstein, Ludwig,
|d 1889-1951.
|t Tractatus logico-philosophicus.
|
| 650 |
|
0 |
|a Judgment.
|
| 830 |
|
0 |
|a Cambridge elements.
|p Elements in the philosophy of Ludwig Wittgenstein.
|
| 945 |
|
|
|b 87639
|
| 947 |
|
|
|a A14852491712
|
| 980 |
|
|
|b print
|c 40032276371
|f NONFIC/B
|g 565714
|k USD
|m 51.99
|q 1
|s AcqMono Conventional
|t Approval plan
|u Vendor order reference number
|v ZYBP
|y Print approval
|z Physical resource
|
| 999 |
f |
f |
|i 4f1737d1-a469-4837-82ac-8aafe9e5e83f
|s 5c70542f-d2f2-4b4a-b486-275f42650d83
|t 0
|
| 952 |
f |
f |
|p normal
|a Texas A&M University
|b College Station
|c Sterling C. Evans Library
|s Evans stk
|d Evans: Library Stacks
|t 0
|e B3376.W564 S55 2024
|h Library of Congress classification
|i unmediated -- volume
|m A14852491712
|